Rapporti tra popolamento urbano e popolamento rurale in Istria / (Record no. 34489)

MARC details
000 -LEADER
campo de control de longitud fija 00639nam a2200193 i 4500
001 - NÚMERO DE CONTROL
campo de control 34489
003 - IDENTIFICADOR DE NÚMERO DE CONTROL
campo de control ES-MaACL
005 - FECHA Y HORA DE LA ÚLTIMA TRANSACCIÓN
campo de control 20230906154937.0
007 - CAMPO FIJO DE DESCRIPCIÓN FÍSICA--INFORMACIÓN GENERAL
campo de control de longitud fija t|
008 - DATOS DE LONGITUD FIJA--INFORMACIÓN GENERAL
campo de control de longitud fija 030207s1949 it ||||1| ita d
100 1# - ENTRADA PRINCIPAL--NOMBRE DE PERSONA
Nombre de persona Bonetti, Eliseo.
9 (RLIN) 30144
245 10 - MENCIÓN DEL TÍTULO
Título Rapporti tra popolamento urbano e popolamento rurale in Istria /
Mención de responsabilidad, etc. Eliseo Bonetti.
260 ## - PUBLICACIÓN, DISTRIBUCIÓN, ETC.
Lugar de publicación, distribución, etc. Trieste :
Nombre del editor, distribuidor, etc. Lega Nazionale,
Fecha de publicación, distribución, etc. 1949 (
Fabricante Guiliana di Raffaello Monciatti)
300 ## - DESCRIPCIÓN FÍSICA
Extensión 12 p. :
Otras características físicas il. ;
Dimensiones 24 cm.
490 1# - MENCIÓN DE SERIE
Mención de serie Pagine di Cultura Giuliana ;
Designación de volumen o secuencia 1
830 0# - PUNTO DE ACCESO ADICIONAL DE SERIE-TÍTULO UNIFORME
Título uniforme Pagine di Cultura Giuliana ;
Designación de volumen o secuencia 1
9 (RLIN) 229496
852 ## - LOCALIZACIÓN
Ubicación ES-MaACL
Número de control de estantería 1909-F-8
Sublocalización o colección R.29288
Holdings
Estatus retirado Estado de pérdida Estado de daño No para préstamo Colección Biblioteca de origen Biblioteca actual Ubicación en estantería Fecha de adquisición Fuente de adquisición Total de préstamos Signatura topográfica completa Código de barras Visto por última vez Precio de reemplazo Tipo de ítem Koha
        Colección de folletos Biblioteca del Ateneo de Madrid Biblioteca del Ateneo de Madrid Depósito folletos 17/01/2008     1909-F-8 1035975 23/02/2023 23/02/2023 Folleto